The structuralists : from Marx to Levi-Strauss

Αποθηκεύτηκε σε:
Λεπτομέρειες βιβλιογραφικής εγγραφής
Άλλοι συγγραφείς: De George, Richard T. (Επιμελητής έκδοσης), De George, Fernande M. (Επιμελητής έκδοσης)
Μορφή: Βιβλίο
Γλώσσα:English
Δημοσίευση: Garden City, N.Y. : Anchor Books, c1972.
Θέματα:
Ετικέτες: Προσθήκη ετικέτας
Δεν υπάρχουν, Καταχωρήστε ετικέτα πρώτοι!

MARC

LEADER 00000cam a2200000 a 4500
001 1/123300
008 210630s1972####nyu| ||| |||| ||eng||
020 |a 0385009305 
040 |a GR-MyUa  |b gre  |c GR-MyUa  |e AACR2 
041 0 |a eng 
082 7 |a 149.97   |2 (23) 
245 0 4 |a The structuralists :   |b from Marx to Levi-Strauss /   |c edited with an introduction by Richard T. de George and Fernande M. de George. 
260 |a Garden City, N.Y. :   |b Anchor Books,   |c c1972. 
300 |a xxix, 330 σ. ;   |c 18 εκ. 
504 |a Περιλαμβάνει βιβλιογραφικές παραπομπές και ευρετήριο. 
650 0 |a Structuralism 
700 1 |a De George, Richard T.  |e edt 
700 1 |a De George, Fernande M.  |e edt 
852 |a INST  |b SYROS  |e 20210622  |h 149.97 STR  |p 005500014166  |q 005500014166  |t BK  |y 0 
970 |a Κοντού  |b Παρασκευή  |z 30/06/2021